Dlhodobé formy financovania podnikov - forfaiting, franchising a leasing bakalárska práca

Guardado en:
Detalles Bibliográficos
Autor principal: Petríková, Martina
Autor Corporativo: Fakulta podnikového manažmentu EU. Katedra podnikových financií
Otros Autores: Strižencová, Michaela
Formato: Libro
Lenguaje:eslovaco
Publicado: Bratislava 2009
Etiquetas: Agregar Etiqueta
Sin Etiquetas, Sea el primero en etiquetar este registro!

MARC

LEADER 00000nam$a2200000$$$4500
001 0102901
005 20240319124446.6
041 0 |a slo 
044 |a SK 
245 1 0 |a Dlhodobé formy financovania podnikov - forfaiting, franchising a leasing  |b bakalárska práca  |c Martina Petríková ; škol. Michaela Strižencová 
264 1 |a Bratislava  |c 2009 
300 |a 36 s. 
100 1 |a Petríková, Martina 
700 1 |a Strižencová, Michaela 
710 2 |a Fakulta podnikového manažmentu EU. Katedra podnikových financií